|
|
|
|
| LEADER |
00000cam a2200000 i 4500 |
| 001 |
1/10 |
| 008 |
961108s1978 gr | ||| |||| ||gre|| |
| 035 |
|
|
|l 10025972
|
| 040 |
|
|
|a GR-MyUa
|b gre
|e AACR2
|
| 041 |
0 |
|
|a gre
|
| 082 |
7 |
|
|a 182
|2 (22)
|
| 100 |
1 |
|
|a Μουτσόπουλος, Ευάγγελος Α.,
|d 1930-2021.
|
| 245 |
1 |
2 |
|a Η προσωκρατική διανόησις :
|b απο του μύθου εις τον λόγον /
|c Ε. Μουτσοπούλου.
|
| 260 |
|
|
|a Αθήνα :
|b Γρηγόρη,
|c 1978.
|
| 300 |
|
|
|a 80 σ. ;
|c 24 εκ.
|
| 650 |
|
0 |
|a Philosophy, Ancient.
|
| 852 |
|
|
|a INST
|b CHIOS
|e 19961108
|h 182 ΜΟΥ
|p 005200010986
|q 005200010986
|t BK
|y 0
|z τ.1:τευχ.1
|
| 852 |
|
|
|a INST
|b CHIOS
|e 19961108
|h 182 ΜΟΥ
|p 005200010986
|q 005200010986
|t BK
|v τ.1;τεύχ.1:
|y 0
|z τ.1:τευχ.1
|
| 853 |
|
|
|a INST
|b CHIOS
|h 182 ΜΟΥ
|